Mera Mann Megh Ka sathi Part 1 : (Record no. 44163)

MARC details
000 -LEADER
fixed length control field 00756nam a22002057a 4500
005 - DATE AND TIME OF LATEST TRANSACTION
control field 20100907111819.0
007 - PHYSICAL DESCRIPTION FIXED FIELD--GENERAL INFORMATION
fixed length control field sd ammalaaahaa
008 - FIXED-LENGTH DATA ELEMENTS--GENERAL INFORMATION
fixed length control field 100907t xxu||||| |||| 00| 0 hin d
028 ## - PUBLISHER NUMBER
Publisher number H. 2080
Source Hindustan Record
035 ## - SYSTEM CONTROL NUMBER
System control number GR-01144
040 ## - CATALOGING SOURCE
Original cataloging agency SED/VEN
100 ## - MAIN ENTRY--PERSONAL NAME
Personal name Arabinda Biswas
9 (RLIN) 18699
245 ## - TITLE STATEMENT
Title Mera Mann Megh Ka sathi Part 1 :
Statement of responsibility, etc by Arabinda Biswas
Medium [Sound Recording]
260 ## - PUBLICATION, DISTRIBUTION, ETC. (IMPRINT)
Place of publication, distribution, etc Dum Dum, India
Name of publisher, distributor, etc Hindustan Record
300 ## - PHYSICAL DESCRIPTION
Extent 1 sound disc [Gramophone Record] :
Other physical details analog, 33.1/3 rpm
Dimensions 10 in.
Type of unit Gramophone Record
500 ## - GENERAL NOTE
General note Brief record
505 ## - FORMATTED CONTENTS NOTE
Formatted contents note Veena Mery Kaun Sur Gaawen Ravindra Bhaw Geeti part 2 (Arabinda Biswas)
942 ## - ADDED ENTRY ELEMENTS (KOHA)
Source of classification or shelving scheme Dewey Decimal Classification
Item type Gramaphone Records
Holdings
Withdrawn status Lost status Source of classification or shelving scheme Damaged status Not for loan Home library Current library Date acquired Source of acquisition Total Checkouts Barcode Date last seen Copy number Price effective from Koha item type
    Dewey Decimal Classification   Not For Loan Central Library Central Library 07/09/2010 SED/VEN   GR-01144 07/09/2010 1 07/09/2010 Gramaphone Records

© Delhi Public Library
Hit Counter
free hit counter